ALEMANIA hoy.
Guardado en:
| Formato: | Libro |
|---|---|
| Idioma: | Spanish |
| Publicado: |
Bonn :
Oficina de prensa e información del Gobierno Federal,
1961.
|
| Edición: | 4. ed. |
| Etiquetas: |
Agregar Etiqueta
Sin Etiquetas, Sea el primero en etiquetar este registro!
|
| LEADER | 00413nam a22001455a 4500 | ||
|---|---|---|---|
| 001 | EUN.um045656 | ||
| 003 | AR-BaUNS | ||
| 005 | 20050623122914.0 | ||
| 008 | 041125s1961####gw############000#0#spa#d | ||
| 245 | 0 | 0 | |a ALEMANIA hoy. |
| 260 | |a Bonn : |b Oficina de prensa e información del Gobierno Federal, |c 1961. | ||
| 300 | |a 16 v. | ||
| 082 | 0 | 4 | |a 943 |
| 250 | |a 4. ed. | ||
| 859 | |a Ar-BaUNS |b BIB. CENTRAL - Sector C |h 943 |i AL25 |p 106628/997 |v v.4 | ||
